| 000 | 00463nam a2200181Ia 4500 | ||
|---|---|---|---|
| 005 | 20240823011712.0 | ||
| 008 | 240823s9999||||xx |||||||||||||| ||und|| | ||
| 041 | _aENGLISH | ||
| 082 | _A0057.73 P2 | ||
| 100 | _aMahadeva Iyer | ||
| 245 | 0 | _a"Data Structures and Algorithms,3rd sem IT" | |
| 250 | _a1st | ||
| 260 |
_c2002 _b"Aassaan,Chennai" |
||
| 500 | _aTRANSFERED | ||
| 650 |
_aComputer Science _bInformation Technology |
||
| 942 | _cBK | ||
| 999 |
_c162297 _d162297 |
||